00598 2200217 4500001002100000005001700021008004100038035002500079082001200104090001900116100002200135245006300157250001100220260002600231300002900257500003100286500001100317650002200328850001200350990001800362YOGYA-0209000001020520150420100032.0 ind  a0010-020900000010205 a297.122 a297.122bIkh M aIKHWAN, Mokh. Nur aMeretas kesarjanaan kritis Al-Qur ancoleh Moch Nur Ikhwan aCet. 1 aJakartabTerajuc2003 axviii, 218 hlm .;c21 cm aBibliografi : hlm. 169-184 aIndeks aAl-Qur an -Tafsir aYOPDYOG a156-BPAD/B.03